000 00718nam a2200217 a 4500
001 000041883
005 20201002035817.0
008 091009s2005 dr a 000 0 spa d
040 _aDO-SdBNP
_bspa
_cBNPHU
082 _a612
_bE82p, 2005
100 1 _aEstrada Muñoz, Mariano
_925903
245 1 0 _aPrincipios prácticos de fisiología /
_cMariano Estrada Muñoz, Rut Caraballo.
250 _a3a. ed.
260 _aSanto Domingo :
_bLa Escalera,
_c2005.
300 _a199 p. :
_bil. ;
_c21 cm.
504 _aBibliografía : p. 198
590 _aInventariado, 2018/LP
650 4 _aFisiología humana
_xManuales de laboratorio
_925904
700 1 2 _aCaraballo, Rut
_968771
910 _aValidado. Control de calidad MFF
999 _c41372
_d41372